01494nam a2200217 450000500170000000800410001702000180005804000070007604100080008308200170009110000160010824500610012426000610018530000290024636500940027552008290036965000260119865000150122465000130123970000240125220260407094630.0260407b |||||||| |||| 00| 0 eng d a9789389261707 cAL aeng a005.73bSUDF aSudharsan P aFundamentals of data structures in C for Anna University aNew DelhibCBS Publishers and Distributors Pvt Ltdc2020 axv,480pbPBc24.5x17.5cm 2Information Science and EngineeringaVBI-2645b₹318.75c₹d₹425.00e25%f20-02-2026 aThis book is specifically designed in accordance with the 'Anna University 2017 regulation' of ECE course. It is written in an easy to understand manner to meet the requirements of the students who want to get conversant with programming in C and to write programs in C for various data structures with algorithms. The book is organized into 5 chapters and appendices. The whole text is differentiated into two parts, first part is dedicated to the basic concepts in C including arrays, string, functions, pointers, recursion and union and the remaining part clearly focuses on the implementation of C language for writing programs using various data structures, linked lists, stacks and queues, trees, graphs, hashing, sorting and searching. All the concepts in the book are supplemented with examples, wherever necessary.  aLinear Data Structure aAlgorithms aPointers aKumar, J John Manoj